| 000 | 01071nam a22002417a 4500 | ||
|---|---|---|---|
| 003 | SEM | ||
| 999 |
_c67546 _d67546 |
||
| 005 | 20220608073933.0 | ||
| 008 | 171027b xxu||||| |||| 00| 0 rus | ||
| 040 |
_cSEM _aSEM |
||
| 041 | 1 |
_arus. _afr. |
|
| 080 | _a804.0(028)/К-53 | ||
| 245 | 0 | 4 |
_aКнига для чтения на французском языке. _bК учебнику для 9-11классов вечерней (сменной) и заочной общеобразовательной школы. / _cСост.: А. Афанасьева и др. |
| 246 | 0 | 4 | _aLivre de lecture 9.10.11. |
| 260 |
_aМосква: _b«Просвещение», _c1976. |
||
| 300 |
_a88 с.; _bилл.; _c22 см. |
||
| 440 | _aЧитаем по французски | ||
| 650 |
_aФранцузский язык _xкнига для чтения |
||
| 700 |
_aАфанасьева А. _4сост. _ecomp. |
||
| 700 | 1 |
_aБлагодатова Р. _4сост. _ecomp. |
|
| 700 | 1 |
_aЖаворонкова С. _4сост. _ecomp. |
|
| 700 | 1 |
_aСиматская Л. _4сост. _ecomp. |
|
| 942 |
_2udc _cBK |
||